000 00986nam2a22002291 4500
001 rc\6498
005 20250620120823.0
035 _a(NLR Aleph) 005309793
090 _a6374236
_c6374236
100 _a20021204d1991 |||y0rusy50 ca
101 0 _arus
102 _aRU
105 _ay |||||||||
200 1 _aУстановление и империя
_e[Роман
_e[Науч.-фантаст. трилогия]
_fПер. с англ. М. Портного]
210 _d1991
_aБ. м.
215 _a223 с.
_d21
461 0 _1001rc\6496
_12001#$aМеждуцарствие$e[Пер. с англ.]$fАйзек Азимов$g[Предисл. М. Портного]$vКн. 2
_1700#1$aАзимов$bА.$gАйзек$f1920-1992
_96374220
_aАзимов, А. (1920-1992)
_cМ.
_d1991-
_fАйзек Азимов
_nСтарт
_o[Пер. с англ.]
_tМеждуцарствие
_vКн. 2
801 0 _aRU
_bNLR
_gpsbo
801 1 _aRU
_bELAR
_2rusmarc
852 _aNLR
_j91-3/10488
942 _cBOOK
980 _aNB